Violence in the media (Record no. 279891)

MARC details
000 -LEADER
fixed length control field 00702nam a2200253Ia 4500
003 - CONTROL NUMBER IDENTIFIER
control field OSt
005 - DATE AND TIME OF LATEST TRANSACTION
control field 20220918223956.0
008 - FIXED-LENGTH DATA ELEMENTS--GENERAL INFORMATION
fixed length control field 220917b |||||||| |||| 00| 0 eng d
037 ## - SOURCE OF ACQUISITION
Terms of availability Textual
040 ## - CATALOGING SOURCE
Original cataloging agency ARTS
Transcribing agency ARTS
Language of cataloging eng
041 ## - LANGUAGE CODE
Source of code eng
Language code of text/sound track or separate title eng
100 ## - MAIN ENTRY--PERSONAL NAME
Personal name Signorielli Nancy
9 (RLIN) 146981
245 #0 - TITLE STATEMENT
Title Violence in the media
Remainder of title A reference handbook
260 ## - PUBLICATION, DISTRIBUTION, ETC.
Place of publication, distribution, etc. England
Name of publisher, distributor, etc. ABC Clio
Date of publication, distribution, etc. 2005
300 ## - PHYSICAL DESCRIPTION
Extent xv, 263p
Dimensions cm.
490 ## - SERIES STATEMENT
Series statement Contemporary world issues
650 ## - SUBJECT ADDED ENTRY--TOPICAL TERM
Topical term or geographic name entry element JOUNRALISM
9 (RLIN) 3876
942 ## - ADDED ENTRY ELEMENTS (KOHA)
Classification part 4,42:(Y:45)g, P5
Koha item type Textual
Source of classification or shelving scheme Colon Classification (CC)
Holdings
Withdrawn status Lost status Damaged status Not for loan Home library Current library Date acquired Total Checkouts Full call number Barcode Date last seen Price effective from Koha item type
        Arts Library Arts Library 2022-09-18   4,42:(Y:45)g P5 AL1334342 2022-09-18 2022-09-18 Textual
Copyright @ Delhi University Library System